000 00664nam a2200265Ia 4500
003 OSt
005 20221006160649.0
006 a|||||r|||| 00| 0
007 ta
008 221006b |||||||| |||| 00| 0 kor d
020 _a8809362345697
024 _a45,975
037 _bGift, KCC (Window on Korea)
_cAudio
040 _aEASL
_cEASL
_bkor
041 _2kor
_akor
082 _aCD00382-383
100 _aHe Jeong
_9674537
245 0 _aSumbakkokjil
260 _c2014
300 _ap.
_ccm.
490 _v V.1 KCD
650 _aCD
942 _hCD00382-383
_cAUD
_2CC
999 _c1114067
_d1114067